000 00565nam a2200217Ia 4500
003 OSt
005 20230616151526.0
008 210423s2017 xx 000 0 und d
020 _a978-81-7141-276-1
040 _cAL
041 _aeng
082 _a535.6
_223
_bSATC
100 _aSATAKE (M);MIDO (Y)
_996762
245 _aChemistry of colour
_cIQBAL (S A);SEATHI (M S)
260 _aNew Delhi
_bDiscovery Publishing House
_c2017
300 _av,244
_bHB
365 _b550
_cINR
650 _aLight
_996763
906 _aChemistry ; colour
942 _2ddc
_cBK
999 _c170855
_d170855